Представление документа в формате MARC21

Поле Инд. ПП Название Значение
Тип записи a
Библиографический уровень m
001 Контрольный номер 5e2ed6cd-a7d7-493b-ad60-ed4cdbfe7693
005 Дата корректировки 20170830113709.7
008 Кодируемые данные 010202 d
020 a ISBN 5-09-003228-9 (в пер.)
c Цена, тираж 2.00
020 a ISBN 5-09-002953-9
040 a Служба первич. каталог. RU-RKP
040 a Служба первич. каталог. НБ ТвГУ
041 0_ a Код языка текста rus
080 a Индекс УДК 882.09(075.3)
084 a Индекс другой классификации/Индекс ББК Ш5(2=411.2)6я721
090 x Авторский знак Р89
a Полочн. индекс Ш5(2=411.2)
245 10 a Заглавие Русская литература XX века. 11 класс
b Продолж. заглавия Очерки. Портреты. Эссе : Кн. для учащихся сред. шк. : В 2 ч.
n Номер части/ раздела Ч. 1
c Ответственность [Л.А. Смирнова и др.]; Под ред. Ф.Ф. Кузнецова
246 02 a Другая форма заглавия Литература. 11 класс
260 0_ a Место издания Москва
c Дата издания 1991
b Издательство Просвещение
300 a Объем 349,[2] с.
c Размеры 22 см
650 04 a Основная рубрика Русская литература
x Основная подрубрика История
x Основная подрубрика Учебники для средней школы
y Хронологическая подрубрика 20 в.
653 0_ a Ключевые слова Русская литература
a Ключевые слова Учебники
700 1_ a Другие авторы Кузнецов Феликс Феодосьевич
e Роль лиц ред.
700 1_ a Другие авторы Смирнова Людмила Алексеевна
e Роль лиц авт.
852 41 t Порядковый номер экземпляра 1
p Инвентарный номер 640661
930 a Новая/Ретро учебники
954 a Дата поступления на обработку 20000905
999 a Подразделение 2 ч.з.